Historia mínima del tequila /
Estudio sobre la procedencia, la producción y el consumo de la bebida del tequila en México. Se ahonda en los conflictos territoriales que sucedieron en la región del Altiplano de México para la consolidación de la industria tequilera, así como las distintas crisis y bonanzas de la región.
Guardado en:
| Autor principal: | |
|---|---|
| Formato: | Libro |
| Idioma: | Español |
| Publicado: |
México :
El Colegio de México,
2024, c2024
|
| Colección: | (Historias Mínimas)
|
| Temas: | |
| Etiquetas: |
Sin etiquetas, Sé el primero en etiquetar este registro!
|
MARC
| LEADER | 00000nam^a2200000^a^4500 | ||
|---|---|---|---|
| 001 | 000592898 | ||
| 005 | 20250521000000.0 | ||
| 009 | 20260310132956.636 | ||
| 020 | |a 978-607-564-627-5 | ||
| 037 | |a Acervo ITESO - Biblioteca | ||
| 041 | |a ESP | ||
| 082 | |a 641. 2570972 |b MUR | ||
| 100 | |a Murià, José María |e (autor) | ||
| 245 | 1 | 3 | |a Historia mínima del tequila / |c J.M. Murià. |
| 246 | 2 | |a Título en la cubierta: El tequila | |
| 264 | 4 | |a México : |b El Colegio de México, |c 2024, c2024 | |
| 300 | |a 171 p. | ||
| 336 | |a texto |b txt |2 rdacontenido | ||
| 337 | |a sin mediación |b n |2 rdamedio | ||
| 338 | |a volumen |b nc |2 rdasoporte | ||
| 440 | 1 | |a (Historias Mínimas) | |
| 520 | |a Estudio sobre la procedencia, la producción y el consumo de la bebida del tequila en México. Se ahonda en los conflictos territoriales que sucedieron en la región del Altiplano de México para la consolidación de la industria tequilera, así como las distintas crisis y bonanzas de la región. | ||
| 521 | |a FIL 2024 DIA | ||
| 649 | |a XX | ||
| 650 | |a Industria Alimenticia - |z México - |x Historia | ||
| 650 | |a Tequila (Bebida) - |z México - |x Industria y Comercio - |x Historia - |x Tema Principal | ||
| 650 | |a Tequila (Bebida) - |z México - |x Historia - |x Tema Principal | ||
| 650 | |a Bebidas Destiladas - |z México - |x Historia | ||
| 650 | |a Alimentos y Bebidas - |z México - |x Historia | ||
| 650 | |a Gastronomía - |z México - |x Historia | ||
| 650 | |a Altos de Jalisco - |x Historia | ||
| 910 | |a Fondo General | ||
| 920 | |a Impresos - Libros | ||
| 930 | |a Colección General | ||
| 905 | |a 101 | ||
| 901 | |a 593348-10 |b IT1 |c ACC |i C188616 |u 20250521 | ||
| 902 | |a https://opac.biblio.iteso.mx/vufind/Record/000592898 | ||